Culture Générale - Série 1928 - Statistiques

Statistiques générales
  • Ce quiz a été pris 103 fois
  • Le résultat moyen est 4 sur 10
Statistiques - réponses
Question Réponse % Correct
Comment s'appelle la personne qui étudie les oiseaux ? ornithologue
77%
Quelle espèce de reptile est le "zonure" ? voir photo lézard
64%
Complétez l'expression : "qui va piano, va .... sano
58%
Quel animal est l'épeire ? araignée
52%
Dans la Bible, comment s'appelle l'épouse d'Abraham ? Sarah
46%
Quel est le prénom de l'inventeur du célèbre revolver qui porte son nom ? Samuel
32%
Dans quel département français (hors Bouches du Rhône) se trouve la commune de Tarascon ? Ariège
27%
Dans quel pays d'Europe se trouve la ville de Riesa ? Allemagne
22%
Quel nom porte le mollusque marin qui dévore le bois des bateaux ? taret
3%
Cette fleur des jardins est appelée également "sédum d'automne" orpin
0%
Aucun quiz correspondant
Distribution des résultats
% des personnes avec chaque résultat
Percentile par nombre de réponses
Votre historique - résultats
Vous n’avez pas pris ce quiz